[Event "IECG TG-2007-0-15744"]
[Site "IECG email"]
[Date "2007.05.08"]
[Round "1"]
[White "Tavani, Alberto"]
[Black "Brozio, Michael"]
[Result "1-0"]
[WhiteElo "2142"]
[BlackElo "1958"]
[PlyCount "51"]
[EventDate "2007.05.13"]
[EventType "tourn (corr)"]
[EventRounds "6"]
[SourceTitle "Corr 2024"]
[Source "ChessBase"]
[SourceDate "2023.10.19"]
[SourceVersion "1"]
[SourceVersionDate "2023.10.19"]
[SourceQuality "1"]

1. d4 Nf6 2. c4 e6 3. Nc3 Bb4 4. Qc2 0-0 5. Nf3 c5 6. dxc5 Na6 7. g3 Nxc5 8. Bg2 Nce4 9. 0-0 Nxc3 10. bxc3 Bc5 11. Nd4 e5 12. Nb3 Be7 13. a4 d6 14. a5 a6 15. Be3 Qc7 16. Nd2 Nd7 17. Rfb1 Nc5 18. Bd5 Rb8 19. Ne4 Kh8 20. Nxc5 dxc5 21. Rb6 f5 22. f4 Bd6 23. Qd2 Qe7 24. Rxd6 Qxd6 25. fxe5 Qe7 26. Rb1 1-0

[Event "IECG CP.2005.Q.00030 email"]
[Site "IECG email"]
[Date "2007.01.15"]
[Round "?"]
[White "Kulczycki, Michael"]
[Black "Brozio, Michael"]
[Result "1/2-1/2"]
[WhiteElo "2023"]
[BlackElo "1988"]
[PlyCount "125"]
[EventDate "2007.01.15"]
[EventType "tourn (corr)"]
[EventRounds "6"]
[EventCountry "ESP"]
[SourceTitle "Corr 2011"]
[Source "ChessBase"]
[SourceDate "2010.08.31"]
[SourceVersion "1"]
[SourceVersionDate "2010.08.31"]
[SourceQuality "1"]

1. e4 c5 2. Nf3 d6 3. d4 cxd4 4. Nxd4 Nf6 5. f3 e6 6. c4 Be7 7. Nc3 b6 8. Be3 Bb7 9. Qa4+ Nbd7 10. Be2 0-0 11. 0-0 a6 12. Qc2 Re8 13. f4 Rc8 14. b4 b5 15. cxb5 Nxe4 16. Nc6 Bxc6 17. bxc6 Rxc6 18. Qxe4 Rxc3 19. Bd3 Nf6 20. Qd4 Nd5 21. Qe4 g6 22. Bd4 Ra3 23. Bb2 Qb6+ 24. Kh1 Ra4 25. a3 Nxb4 26. Be2 d5 27. Qe5 f6 28. Qc3 Nc6 29. Qc2 Ra5 30. Bd3 Rb8 31. Rfe1 Rc5 32. Qe2 e5 33. Rab1 Qc7 34. fxe5 fxe5 35. Bxa6 Ra5 36. Bxe5 Nxe5 37. Rxb8+ Qxb8 38. Qxe5 Qxe5 39. Rxe5 Bd6 40. Re8+ Kf7 41. Ra8 Kf6 42. g4 Rxa3 43. Bb7 Rxa8 44. Bxa8 d4 45. Kg2 Kg5 46. h3 Kf4 47. Kf2 d3 48. Bd5 Be7 49. Ke1 Bb4+ 50. Kf2 Ke5 51. Bg8 d2 52. Ke2 h6 53. h4 Kf4 54. h5 Kxg4 55. hxg6 Kf5 56. Bb3 Kxg6 57. Kf3 Kg5 58. Kg2 h5 59. Ba4 Kf4 60. Bb3 h4 61. Ba4 Ke3 62. Bb3 Ke2 63. Ba4 1/2-1/2

[Event "IECG CP.2005.Q.00030 email"]
[Site "IECG email"]
[Date "2007.01.15"]
[Round "?"]
[White "Oorebeek, Erwin"]
[Black "Brozio, Michael"]
[Result "1/2-1/2"]
[WhiteElo "2028"]
[BlackElo "1988"]
[PlyCount "47"]
[EventDate "2007.01.15"]
[EventType "tourn (corr)"]
[EventRounds "6"]
[EventCountry "ESP"]
[SourceTitle "Corr 2011"]
[Source "ChessBase"]
[SourceDate "2010.08.31"]
[SourceVersion "1"]
[SourceVersionDate "2010.08.31"]
[SourceQuality "1"]

1. d4 Nf6 2. Nf3 e6 3. c4 b6 4. e3 Bb7 5. Bd3 d5 6. cxd5 exd5 7. Nc3 Be7 8. 0-0 0-0 9. b3 c5 10. Bb2 Nc6 11. dxc5 bxc5 12. Rc1 Nb4 13. Bb1 Re8 14. Na4 Ba6 15. a3 Bxf1 16. Kxf1 Na6 17. Bxf6 Bxf6 18. Qd3 Qd6 19. Qxh7+ Kf8 20. Nh4 Bxh4 21. Qh8+ Ke7 22. Qxh4+ Kf8 23. Qh8+ Ke7 24. Qh4+ 1/2-1/2

[Event "IECG CP.2003.S.00002 email"]
[Site "IECG email"]
[Date "2006.04.01"]
[Round "?"]
[White "Brozio, Michael"]
[Black "Bartsch, Christian"]
[Result "1-0"]
[WhiteElo "1982"]
[BlackElo "1898"]
[PlyCount "37"]
[EventDate "2006.04.01"]
[EventType "tourn (corr)"]
[EventRounds "6"]
[EventCountry "ITA"]
[SourceTitle "Corr 2008"]
[Source "ChessBase"]
[SourceDate "2008.06.24"]
[SourceVersion "1"]
[SourceVersionDate "2008.06.24"]
[SourceQuality "1"]

1. e4 e5 2. Nf3 Nc6 3. Bc4 Nf6 4. d4 exd4 5. 0-0 Nxe4 6. Re1 d5 7. Bxd5 Qxd5 8. Nc3 Qh5 9. Nxe4 Be6 10. Bg5 Bd6 11. Nxd6+ cxd6 12. Qd2 0-0 13. Bf4 Qd5 14. c3 dxc3 15. Qxc3 Rad8 16. Red1 Qc5 17. Bxd6 Qxc3 18. bxc3 Rfe8 19. Rd2 1-0

[Event "IECG CP.2003.S.00002 email"]
[Site "IECG email"]
[Date "2006.04.01"]
[Round "?"]
[White "Brozio, Michael"]
[Black "Roberts, Anthony"]
[Result "0-1"]
[WhiteElo "1982"]
[BlackElo "2339"]
[PlyCount "90"]
[EventDate "2006.04.01"]
[EventType "tourn (corr)"]
[EventRounds "6"]
[EventCountry "ITA"]
[SourceTitle "Corr 2008"]
[Source "ChessBase"]
[SourceDate "2008.06.24"]
[SourceVersion "1"]
[SourceVersionDate "2008.06.24"]
[SourceQuality "1"]

1. e4 c5 2. Nf3 d6 3. d4 cxd4 4. Nxd4 Nf6 5. Nc3 a6 6. Be3 e5 7. Nb3 Be6 8. f3 Nbd7 9. Qd2 b5 10. 0-0-0 Be7 11. g4 h6 12. h4 Nb6 13. Kb1 b4 14. Bxb6 Qxb6 15. Nd5 Bxd5 16. exd5 a5 17. Bc4 a4 18. Nc1 Qc5 19. Qd3 0-0 20. g5 Nh5 21. Ne2 Ra5 22. Rdg1 Rc8 23. Rg4 g6 24. gxh6 Kh8 25. b3 Rca8 26. bxa4 Rxa4 27. Bb3 R4a5 28. Qd2 Qa7 29. Nc1 Bf8 30. Rc4 Kh7 31. Qxb4 Rb8 32. Qc3 Rb7 33. Rb4 Rc5 34. Qe1 Bxh6 35. Nd3 Rcb5 36. Rxb5 Rxb5 37. c3 Qa6 38. Kc2 Rb8 39. Nb4 Qb6 40. Rh2 Kg7 41. Nc6 Rb7 42. c4 Qc5 43. Kd1 Bf4 44. Rg2 Qa3 45. Qc3 Ng3 0-1

[Event "IECG CP.2003.S.00002 email"]
[Site "IECG email"]
[Date "2006.04.01"]
[Round "?"]
[White "Tavani, Alberto"]
[Black "Brozio, Michael"]
[Result "1-0"]
[WhiteElo "2018"]
[BlackElo "1982"]
[PlyCount "103"]
[EventDate "2006.04.01"]
[EventType "tourn (corr)"]
[EventRounds "6"]
[EventCountry "ITA"]
[SourceTitle "Corr 2008"]
[Source "ChessBase"]
[SourceDate "2008.06.24"]
[SourceVersion "1"]
[SourceVersionDate "2008.06.24"]
[SourceQuality "1"]

1. e4 Nf6 2. e5 Nd5 3. d4 d6 4. Nf3 g6 5. Bc4 Nb6 6. Bb3 Bg7 7. Ng5 d5 8. f4 Nc6 9. c3 f6 10. Nf3 Bf5 11. Nh4 Be4 12. 0-0 e6 13. Nf3 fxe5 14. fxe5 0-0 15. Ng5 Bf5 16. g4 Bxb1 17. Rxb1 Qd7 18. Bc2 Nd8 19. h4 Rxf1+ 20. Qxf1 c5 21. h5 cxd4 22. hxg6 dxc3 23. Nxh7 Qc7 24. Nf6+ Bxf6 25. exf6 Qg3+ 26. Qg2 Qe1+ 27. Kh2 Qe5+ 28. Kh1 Qe1+ 29. Qg1 Qe2 30. Qd1 Qf2 31. g5 Rc8 32. Bf4 Qh4+ 33. Bh2 Nd7 34. Qf3 Ne5 35. f7+ Ndxf7 36. gxf7+ Kf8 37. Qe2 Ng4 38. bxc3 Rxc3 39. Rxb7 Rf3 40. Rb8+ Kg7 41. Kg1 Rg3+ 42. Bxg3 Qxg3+ 43. Kf1 Qf4+ 44. Kg2 Qh2+ 45. Kf3 Qxb8 46. Kxg4 Qb4+ 47. Kf3 Kxf7 48. Qe5 Qc4 49. Qf6+ Ke8 50. Qxe6+ Kf8 51. Bb3 Qf1+ 52. Kg4 1-0

[Event "IECG CP.2005.P.00063"]
[Site "IECG email"]
[Date "2005.10.01"]
[Round "?"]
[White "Brozio, Michael"]
[Black "St Arnaud, Pierre"]
[Result "1-0"]
[WhiteElo "1986"]
[BlackElo "1974"]
[PlyCount "67"]
[EventDate "2005.10.01"]
[EventType "tourn (corr)"]
[EventRounds "6"]
[SourceTitle "Corr 2008"]
[Source "ChessBase"]
[SourceDate "2008.06.24"]
[SourceVersion "1"]
[SourceVersionDate "2008.06.24"]
[SourceQuality "1"]

1. e4 e6 2. d4 d5 3. exd5 exd5 4. Nf3 Bd6 5. Nc3 Ne7 6. Bd3 c6 7. 0-0 Bg4 8. Re1 Qc7 9. h3 Bh5 10. Qe2 Na6 11. a3 Bg6 12. Bxg6 hxg6 13. b4 0-0 14. b5 Nb8 15. a4 Nd7 16. bxc6 bxc6 17. Ba3 Bxa3 18. Rxa3 Nf5 19. Rb3 Qa5 20. Reb1 Rfe8 21. Qd3 Rac8 22. Rb4 Re7 23. Na2 Nd6 24. Nc1 Rce8 25. Qc3 Qc7 26. Nd3 Re2 27. Re1 Rxe1+ 28. Ndxe1 c5 29. dxc5 Nxc5 30. Rd4 Nde4 31. Qb2 a6 32. Nd3 Nxd3 33. Rxd3 Qc5 34. Nd4 1-0

[Event "IECG CB.2005.0.00142 email"]
[Site "IECG email"]
[Date "2005.08.15"]
[Round "1"]
[White "Marjanovics, Gyorgy"]
[Black "Brozio, Michael"]
[Result "1-0"]
[WhiteElo "1930"]
[BlackElo "1977"]
[PlyCount "26"]
[EventDate "2005.07.19"]
[EventType "tourn (corr)"]
[EventRounds "6"]
[SourceTitle "Corr 2024"]
[Source "ChessBase"]
[SourceDate "2023.10.19"]
[SourceVersion "1"]
[SourceVersionDate "2023.10.19"]
[SourceQuality "1"]

1. e4 Nf6 2. e5 Nd5 3. d4 d6 4. c4 Nb6 5. exd6 cxd6 6. Nc3 g6 7. Be3 Bg7 8. Bd3 0-0 9. Nge2 Nc6 10. 0-0 Nb4 11. b3 Nxd3 12. Qxd3 Re8 13. d5 Nd7 1-0

[Event "IECG CB.2005.0.00142 email"]
[Site "IECG email"]
[Date "2005.08.15"]
[Round "?"]
[White "Vorobjev, Jaroslav"]
[Black "Brozio, Michael"]
[Result "1-0"]
[WhiteElo "1800"]
[BlackElo "1977"]
[PlyCount "84"]
[EventDate "2005.07.19"]
[EventType "tourn (corr)"]
[EventRounds "6"]
[SourceTitle "Corr 2008"]
[Source "ChessBase"]
[SourceDate "2008.06.24"]
[SourceVersion "1"]
[SourceVersionDate "2008.06.24"]
[SourceQuality "1"]

1. Nf3 Nf6 2. d4 g6 3. c4 Bg7 4. Nc3 0-0 5. e4 d6 6. Be2 e5 7. 0-0 Nc6 8. d5 Ne7 9. b4 a5 10. Ba3 Nh5 11. c5 Nf4 12. b5 Bg4 13. Nd2 Nxe2+ 14. Nxe2 dxc5 15. Bxc5 b6 16. Ba3 Re8 17. Nc4 Nc8 18. Qd3 Bh6 19. Bb2 f6 20. f3 Bd7 21. a4 Nd6 22. f4 exf4 23. Nxd6 cxd6 24. Nxf4 Bg5 25. Rae1 Rc8 26. Qg3 Rc2 27. Ba1 Rf8 28. h4 Bxf4 29. Qxf4 Kg7 30. Rf3 Ra2 31. h5 Bc8 32. Ref1 Rxa1 33. h6+ Kg8 34. Rxa1 g5 35. Qe3 Bg4 36. Rf2 Kf7 37. Qxg5 Rg8 38. Qf4 Rg6 39. Rc1 Bd7 40. Qxd6 Ke8 41. e5 f5 42. e6 Bxe6 1-0

[Event "IECG CP.2003.Q.00001 email"]
[Site "IECG email"]
[Date "2005.01.15"]
[Round "?"]
[White "Brozio, Michael"]
[Black "Greene, Seymour"]
[Result "1-0"]
[WhiteElo "1826"]
[BlackElo "1341"]
[PlyCount "95"]
[EventDate "2005.01.15"]
[EventType "tourn (corr)"]
[EventRounds "6"]
[SourceTitle "Corr 2008"]
[Source "ChessBase"]
[SourceDate "2008.06.24"]
[SourceVersion "1"]
[SourceVersionDate "2008.06.24"]
[SourceQuality "1"]

1. e4 d5 2. exd5 Qxd5 3. Nc3 Qa5 4. d4 Nf6 5. Nf3 c6 6. Bc4 Bg4 7. h3 Bxf3 8. Qxf3 e6 9. 0-0 Nbd7 10. Ne4 Nxe4 11. Qxe4 Nf6 12. Qe2 Bd6 13. Bd2 Qc7 14. Rfe1 0-0-0 15. c3 c5 16. Be3 Kb8 17. Rac1 h6 18. Qf3 Ka8 19. a3 Rc8 20. b4 cxb4 21. cxb4 Qd7 22. Rc2 Qc6 23. Qe2 Bb8 24. Rec1 Qd6 25. g3 Rhd8 26. Qf3 Qe7 27. Kg2 Bd6 28. d5 exd5 29. Bxd5 Rxc2 30. Rxc2 Nxd5 31. Qxd5 Bb8 32. Qf5 Qe8 33. Rc4 f6 34. b5 Be5 35. a4 Qg8 36. Rc5 g5 37. a5 Kb8 38. Kh2 Qe8 39. b6 axb6 40. axb6 Qd7 41. Qe4 Bd6 42. Ra5 Re8 43. Qb1 Qc6 44. Ra2 Rd8 45. Qb3 Qe8 46. Bd4 Qd7 47. Bxf6 Re8 48. Bd4 1-0

[Event "IECG QC.2004.0.00055 email"]
[Site "IECG email"]
[Date "2004.06.24"]
[Round "?"]
[White "Brozio, Michael"]
[Black "Ferro, Severino Miguel"]
[Result "1/2-1/2"]
[WhiteElo "1783"]
[BlackElo "1700"]
[PlyCount "153"]
[EventDate "2004.06.24"]
[EventType "tourn (corr)"]
[EventRounds "6"]
[SourceTitle "Corr 2024"]
[Source "ChessBase"]
[SourceDate "2023.10.19"]
[SourceVersion "1"]
[SourceVersionDate "2023.10.19"]
[SourceQuality "1"]

1. e4 e6 2. d4 d5 3. exd5 exd5 4. Nf3 Nf6 5. Bd3 Bd6 6. 0-0 0-0 7. Bg5 Bg4 8. Nbd2 Nbd7 9. c3 c5 10. dxc5 Nxc5 11. Qc2 h6 12. Bh4 g5 13. Bg3 Qb6 14. Bxd6 Qxd6 15. Nd4 Nxd3 16. Qxd3 Rfe8 17. h3 Bd7 18. Rfe1 Qb6 19. b3 Rac8 20. Rxe8+ Rxe8 21. Rd1 Qc5 22. a4 a6 23. Qf3 Kg7 24. Rc1 Qa3 25. Rb1 Qe7 26. Qd3 g4 27. hxg4 Nxg4 28. N2f3 Qf6 29. a5 Qg6 30. Qxg6+ fxg6 31. Re1 Kf6 32. Rxe8 Bxe8 33. Ne1 Ne5 34. Nec2 Nc6 35. Nxc6 Bxc6 36. Nd4 Ke5 37. Kf1 Ke4 38. Ke2 h5 39. g3 g5 40. f3+ Ke5 41. Ke3 Bd7 42. f4+ gxf4+ 43. gxf4+ Kf6 44. Kf3 h4 45. Nc2 Bf5 46. Ne3 Be6 47. Ng2 h3 48. Ne3 Kg6 49. Nc2 Kh5 50. Kg3 h2 51. Kxh2 Kg4 52. Nd4 Bd7 53. f5 Bxf5 54. Kg2 Bd7 55. Kf2 Kf4 56. Ke2 Ke5 57. b4 Ba4 58. Kd3 Bd1 59. Kd2 Ba4 60. Nf3+ Kf4 61. Ne1 Bb5 62. Kc1 Ke3 63. Nc2+ Kd3 64. Kb2 Kd2 65. Nd4 Ke3 66. Ne6 Bc6 67. Kb3 Kd3 68. Nc5+ Ke2 69. b5 Bxb5 70. Nxb7 Bc4+ 71. Kb4 Ke3 72. Nd6 Ba2 73. Ne8 Kd3 74. Nf6 Bc4 75. Nd7 Kd2 76. Ne5 Ba2 77. Nc6 1/2-1/2

[Event "IECG CP.2003.P.00020 email"]
[Site "IECG email"]
[Date "2003.10.01"]
[Round "?"]
[White "Brozio, Michael"]
[Black "Winfrey, Harley"]
[Result "1-0"]
[WhiteElo "1703"]
[BlackElo "888"]
[PlyCount "55"]
[EventDate "2003.10.01"]
[EventType "tourn (corr)"]
[EventRounds "6"]
[EventCountry "GER"]
[SourceTitle "Corr 2008"]
[Source "ChessBase"]
[SourceDate "2008.06.24"]
[SourceVersion "1"]
[SourceVersionDate "2008.06.24"]
[SourceQuality "1"]

1. e4 d6 2. d4 g6 3. Nc3 Bg7 4. Nf3 Nc6 5. d5 Ne5 6. Nxe5 Bxe5 7. Bb5+ Bd7 8. Bxd7+ Qxd7 9. Qd3 Nf6 10. Ne2 a6 11. f4 Qg4 12. 0-0 Bxf4 13. Rxf4 Qd7 14. Be3 0-0-0 15. Bd4 Rhg8 16. Bxf6 exf6 17. Rxf6 Qe7 18. Raf1 h5 19. Rxf7 Qe8 20. Nd4 Rd7 21. Qh3 Qd8 22. Nc6 Qe8 23. Re7 bxc6 24. Rxe8+ Rxe8 25. dxc6 Red8 26. Rf7 Kb8 27. Qb3+ Kc8 28. Qb7# 1-0

[Event "IECG CP.2003.P.00020 email"]
[Site "IECG email"]
[Date "2003.10.01"]
[Round "?"]
[White "McKeough, Sean"]
[Black "Brozio, Michael"]
[Result "1/2-1/2"]
[WhiteElo "1183"]
[BlackElo "1703"]
[PlyCount "66"]
[EventDate "2003.10.01"]
[EventType "tourn (corr)"]
[EventRounds "6"]
[EventCountry "GER"]
[SourceTitle "Corr 2008"]
[Source "ChessBase"]
[SourceDate "2008.06.24"]
[SourceVersion "1"]
[SourceVersionDate "2008.06.24"]
[SourceQuality "1"]

1. e4 Nf6 2. Nc3 d5 3. exd5 Nxd5 4. Bc4 e6 5. Nf3 Nb6 6. Be2 Be7 7. 0-0 Nc6 8. d4 0-0 9. Re1 Re8 10. Bb5 Bd7 11. a3 a6 12. Bd3 Nd5 13. Bd2 b5 14. Nxd5 exd5 15. c3 Bg4 16. h3 Bxf3 17. Qxf3 Na5 18. b4 Nb3 19. Rad1 Nxd2 20. Rxd2 c6 21. Rde2 g6 22. g3 Qd7 23. Kg2 a5 24. h4 axb4 25. axb4 Bd6 26. h5 Rxe2 27. Qxe2 Ra3 28. Qb2 Ra7 29. hxg6 fxg6 30. Ra1 Rxa1 31. Qxa1 Kg7 32. Qh1 h6 33. Qe1 Qf7 1/2-1/2

[Event "IECG CP.2003.P.00020 email"]
[Site "IECG email"]
[Date "2003.10.01"]
[Round "?"]
[White "Quadri, Sergio Fabian"]
[Black "Brozio, Michael"]
[Result "0-1"]
[WhiteElo "1966"]
[BlackElo "1703"]
[PlyCount "66"]
[EventDate "2003.10.01"]
[EventType "tourn (corr)"]
[EventRounds "6"]
[EventCountry "GER"]
[SourceTitle "Corr 2008"]
[Source "ChessBase"]
[SourceDate "2008.06.24"]
[SourceVersion "1"]
[SourceVersionDate "2008.06.24"]
[SourceQuality "1"]

1. e4 c5 2. Nf3 d6 3. d4 cxd4 4. Nxd4 Nf6 5. Nc3 a6 6. Bg5 e6 7. f4 Nbd7 8. Qf3 Qc7 9. 0-0-0 Be7 10. Bd3 b5 11. Rhe1 Bb7 12. Nd5 exd5 13. Nf5 Kf8 14. Qg3 dxe4 15. Bxe4 Bxe4 16. Rxe4 Qc5 17. Bxf6 Bxf6 18. Nxd6 Nb6 19. Qb3 Qc7 20. Qe3 Qc6 21. Qf3 Na4 22. Re8+ Qxe8 23. Nxe8 Bxb2+ 24. Kb1 Rxe8 25. c4 g6 26. cxb5 axb5 27. f5 Kg7 28. Rf1 Rhf8 29. fxg6 hxg6 30. a3 Re7 31. Ka2 Bd4 32. Rc1 Re3 33. Qg4 Bf6 0-1

[Event "IECG WC.2005.S.00013 email"]
[Site "IECG email"]
[Date "2003.05.19"]
[Round "?"]
[White "Brozio, Michael"]
[Black "Hallengren, Boris"]
[Result "0-1"]
[WhiteElo "1678"]
[BlackElo "2240"]
[PlyCount "74"]
[EventDate "2003.05.19"]
[EventType "tourn (corr)"]
[EventRounds "10"]
[SourceTitle "Corr 2008"]
[Source "ChessBase"]
[SourceDate "2008.06.24"]
[SourceVersion "1"]
[SourceVersionDate "2008.06.24"]
[SourceQuality "1"]

1. e4 e5 2. Nf3 Nc6 3. Bc4 Nf6 4. d4 exd4 5. 0-0 Nxe4 6. Re1 d5 7. Nc3 dxc3 8. Bxd5 f5 9. Ng5 cxb2 10. Nxe4 fxe4 11. Rxe4+ Be7 12. Bxb2 Bf5 13. Re3 Nb4 14. Bb3 Qxd1+ 15. Rxd1 Bxc2 16. Bxc2 Nxc2 17. Re2 Rd8 18. Rxd8+ Kxd8 19. Rxc2 Bf6 20. Bxf6+ gxf6 21. f4 b6 22. Rc6 Rf8 23. f5 Kd7 24. Rc4 c5 25. Kf2 Re8 26. Kf3 Kd6 27. Rg4 b5 28. Rg7 c4 29. Rg4 Re5 30. Rg8 c3 31. Rd8+ Kc7 32. Rd1 b4 33. Rc1 Rxf5+ 34. Ke3 Rd5 35. Rc2 Kb6 36. g4 Kc5 37. Rc1 Kc4 0-1

[Event "IECG CC.2003.0.00058 email"]
[Site "IECG email"]
[Date "2003.03.16"]
[Round "?"]
[White "Brozio, Michael"]
[Black "Betts, Michael"]
[Result "1-0"]
[WhiteElo "1650"]
[BlackElo "1653"]
[PlyCount "105"]
[EventDate "2003.03.16"]
[EventType "tourn (corr)"]
[EventRounds "6"]
[SourceTitle "Corr 2008"]
[Source "ChessBase"]
[SourceDate "2008.06.24"]
[SourceVersion "1"]
[SourceVersionDate "2008.06.24"]
[SourceQuality "1"]

1. e4 c5 2. Nf3 d6 3. Nc3 Nf6 4. d4 cxd4 5. Bb5+ Nbd7 6. Nxd4 g6 7. 0-0 Bg7 8. Be3 0-0 9. Re1 a6 10. Be2 Re8 11. a4 b6 12. Qd2 Bb7 13. f3 Qc7 14. Nb3 Nc5 15. Nxc5 dxc5 16. Bc4 Red8 17. Qf2 Rd7 18. Rad1 Rad8 19. Qf1 Rxd1 20. Rxd1 Rxd1 21. Nxd1 Qd7 22. b3 Ne8 23. Qd3 Qxd3 24. Bxd3 Bd4 25. Kf2 h5 26. c3 Bxe3+ 27. Nxe3 Nc7 28. Nc4 b5 29. axb5 Nxb5 30. Na5 Bc8 31. b4 cxb4 32. cxb4 g5 33. Bxb5 axb5 34. Ke3 h4 35. Nc6 Kf8 36. Na7 Ba6 37. Kd4 g4 38. fxg4 Ke8 39. Nc6 f6 40. Kc5 Bc8 41. Kxb5 Bxg4 42. Kc5 Be2 43. b5 Bd3 44. e5 fxe5 45. Nxe5 Be4 46. Kb6 Kd8 47. g4 hxg3 48. hxg3 e6 49. g4 Bd5 50. g5 Ke8 51. Kc7 Ba8 52. Nc6 Kf7 53. Kb8 1-0

[Event "IECG CC.2003.0.00058 email"]
[Site "IECG email"]
[Date "2003.03.16"]
[Round "?"]
[White "Flewelling, Heather"]
[Black "Brozio, Michael"]
[Result "0-1"]
[WhiteElo "1600"]
[BlackElo "1650"]
[PlyCount "62"]
[EventDate "2003.03.16"]
[EventType "tourn (corr)"]
[EventRounds "6"]
[SourceTitle "Corr 2008"]
[Source "ChessBase"]
[SourceDate "2008.06.24"]
[SourceVersion "1"]
[SourceVersionDate "2008.06.24"]
[SourceQuality "1"]

1. c4 Nf6 2. Nc3 e6 3. Nf3 Bb4 4. Qc2 0-0 5. a3 Bxc3 6. Qxc3 b6 7. b4 Bb7 8. Bb2 d6 9. e3 Nbd7 10. Be2 e5 11. d4 Re8 12. 0-0 Ne4 13. Qc2 Nef6 14. Rad1 exd4 15. exd4 Qe7 16. Bd3 Bxf3 17. gxf3 Nf8 18. Qd2 d5 19. c5 Nh5 20. Rde1 Qf6 21. Rxe8 Rxe8 22. Re1 Rxe1+ 23. Qxe1 Qxf3 24. Qe2 Qh3 25. Bc1 Ne6 26. Be3 g6 27. a4 bxc5 28. dxc5 Qh4 29. Qf3 Qxb4 30. Qe2 Nhf4 31. Bxf4 Qxf4 0-1

[Event "IECG CP.2002.P.00016 email"]
[Site "IECG email"]
[Date "2002.10.01"]
[Round "?"]
[White "Brozio, Michael"]
[Black "Boettcher, Fred"]
[Result "0-1"]
[WhiteElo "1585"]
[BlackElo "1666"]
[PlyCount "90"]
[EventDate "2002.10.01"]
[EventType "tourn (corr)"]
[EventRounds "6"]
[EventCountry "GER"]
[SourceTitle "Corr 2008"]
[Source "ChessBase"]
[SourceDate "2008.06.24"]
[SourceVersion "1"]
[SourceVersionDate "2008.06.24"]
[SourceQuality "1"]

1. e4 c5 2. Nf3 d6 3. Nc3 a6 4. d4 cxd4 5. Nxd4 Nf6 6. Be2 e6 7. 0-0 Be7 8. Be3 0-0 9. Qd2 Qc7 10. f4 b5 11. Bf3 Bb7 12. a3 Nbd7 13. f5 e5 14. Nb3 Nc5 15. Nxc5 dxc5 16. Rad1 Rad8 17. Qf2 b4 18. axb4 cxb4 19. Bb6 Qc8 20. Bxd8 Bc5 21. Bxf6 Bxf2+ 22. Rxf2 gxf6 23. Nd5 Bxd5 24. Rxd5 Rd8 25. Rfd2 Rxd5 26. exd5 Qc5+ 27. Kf1 Kf8 28. d6 Ke8 29. d7+ Kd8 30. b3 Qe3 31. Re2 Qf4 32. Kg1 Qxf5 33. Bc6 Qg4 34. Re1 Qd4+ 35. Kf1 Qf4+ 36. Ke2 e4 37. Ra1 Qg4+ 38. Ke1 Qg5 39. Kd1 Qxg2 40. Kc1 f5 41. Kb2 Qg7+ 42. Kb1 Qg1+ 43. Kb2 Qd4+ 44. Kb1 Qb6 45. Ba4 Qc5 0-1

[Event "IECG CP.2001.Q.00009 email"]
[Site "IECG email"]
[Date "2002.10.01"]
[Round "?"]
[White "Brozio, Michael"]
[Black "Sheehan, Michael J"]
[Result "1-0"]
[WhiteElo "1585"]
[BlackElo "2117"]
[PlyCount "49"]
[EventDate "2002.10.01"]
[EventType "tourn (corr)"]
[EventRounds "6"]
[EventCountry "GER"]
[SourceTitle "Corr 2008"]
[Source "ChessBase"]
[SourceDate "2008.06.24"]
[SourceVersion "1"]
[SourceVersionDate "2008.06.24"]
[SourceQuality "1"]

1. e4 c6 2. d4 d5 3. exd5 cxd5 4. Bd3 Nc6 5. c3 Nf6 6. Bf4 Bg4 7. Qb3 Qd7 8. Ne2 Bh5 9. 0-0 e6 10. Ng3 Bg6 11. Bxg6 hxg6 12. Nd2 Rc8 13. Rfe1 Be7 14. Nf3 Na5 15. Qc2 Qb5 16. b3 Nc6 17. Qd2 Ba3 18. Re3 Ng4 19. Rd3 Be7 20. Qe2 Nf6 21. Rc1 Qa6 22. Re1 Bf8 23. Ng5 Be7 24. Nxf7 Kxf7 25. Qxe6+ 1-0

[Event "IECG CP.2001.Q.00009 email"]
[Site "IECG email"]
[Date "2002.10.01"]
[Round "?"]
[White "Istomin, Sergei"]
[Black "Brozio, Michael"]
[Result "1/2-1/2"]
[WhiteElo "1812"]
[BlackElo "1585"]
[PlyCount "71"]
[EventDate "2002.10.01"]
[EventType "tourn (corr)"]
[EventRounds "6"]
[EventCountry "GER"]
[SourceTitle "Corr 2008"]
[Source "ChessBase"]
[SourceDate "2008.06.24"]
[SourceVersion "1"]
[SourceVersionDate "2008.06.24"]
[SourceQuality "1"]

1. f4 d5 2. Nf3 Nf6 3. e3 Bg4 4. Be2 e6 5. 0-0 Bd6 6. Ne5 Bxe2 7. Qxe2 0-0 8. d4 c5 9. Nc3 Nc6 10. Nd1 cxd4 11. Nxc6 bxc6 12. exd4 Qb6 13. Be3 c5 14. c3 c4 15. Rf3 Rab8 16. Bc1 Rb7 17. Be3 Ne4 18. Rh3 Qd8 19. Nf2 Nf6 20. Rf1 Qa5 21. Ng4 Ne4 22. a3 Re8 23. Nf2 Nf6 24. g4 Qb5 25. g5 Nd7 26. Qh5 Nf8 27. Bc1 Qb6 28. Ng4 Qd8 29. Ne3 Be7 30. Rg3 g6 31. Qg4 Rb6 32. h4 Bd6 33. h5 Qc7 34. Rh3 Reb8 35. Qh4 Kh8 36. Ng4 1/2-1/2